Nintendos Konsolen - Statistiken

Allgemein
  • Dieses Quiz wurde 394 mal gespielt
  • Das Durchschnittsergebnis liegt bei 16 aus 27
Antwortstatistiken
Jahr Heimkonsolen % Korrekt
2017 Nintendo Switch
99%
2021 Nintendo Switch OLED
99%
2004 Nintendo DS
96%
2006 Wii
96%
1989 GameBoy
94%
2011 Nintendo 3DS
93%
2012 Wii U
93%
2001 GameCube
84%
1996 Nintendo 64
83%
1985 Nintendo Entertainment System
81%
2001 GameBoy Advance
79%
1998 Gameboy Color
79%
1992 Super NintendoEntertainment System
74%
2013 Nintendo 2DS
71%
2012 Nintendo 3DS XL
56%
2008 Nintendo DSi
41%
2006 Nintendo DS Lite
40%
2019 Nintendo Switch Lite
35%
2014 new Nintendo 3DS
32%
2013 Wii Mini
28%
2014 new Nintendo 3DS XL
27%
2003 Gameboy AdvanceSP
26%
2009 Nintendo DSi XL
25%
1996 Gameboy Light
22%
1996 Gameboy Pocket
17%
2017 new Nintendo 2DS XL
16%
2005 Gameboy Mikro
15%
Keine übereinstimmenden Quizze gefunden
Verteilung der Resultate
Anzahl Personen mit jedem Resultat
Perzentil nach korrekt beantworteten Fragen
Ihre Resultats-Entwicklung
Sie haben dieses Quiz noch nicht gespielt